Nghiên cứu đặc điểm sinh học sinh sản và thử nghiệm sản xuất giống cá rô biển (Pristolepis fasciata Bleeker, 1851) : Luận văn tốt nghiệp cao học. Ngành nuôi trồng thủy sản

Nghiên cứu đặc điểm sinh học sinh sản cá rô biển (mùa vụ sinh sản, kích thước cá thành thục, mô họ tuyến sinh dục trong điều kiện tự nhiên, kích thước trứng thành thục. Nuôi vỗ thành thục và thử nghiệm sinh sản nhân tạo cá Rô biển. Thử ng...

Ausführliche Beschreibung

Gespeichert in:
Bibliographische Detailangaben
1. Verfasser: Dương, Trần Trung Kiên
Format: Buch
Sprache:Undetermined
Veröffentlicht: Cần Thơ Trường Đại học Cần Thơ 2012
Schlagworte:
Tags: Tag hinzufügen
Keine Tags, Fügen Sie den ersten Tag hinzu!
Thư viện lưu trữ: Trung tâm Học liệu Trường Đại học Cần Thơ
LEADER 01404nam a2200229Ia 4500
001 CTU_178974
008 210402s9999 xx 000 0 und d
082 |a 639.31 
082 |b K305 
088 |a 60620301 
100 |a Dương, Trần Trung Kiên 
245 0 |a Nghiên cứu đặc điểm sinh học sinh sản và thử nghiệm sản xuất giống cá rô biển (Pristolepis fasciata Bleeker, 1851) : 
245 0 |b Luận văn tốt nghiệp cao học. Ngành nuôi trồng thủy sản 
245 0 |c Dương Trần Trung Kiên ; Dương Nhựt Long, Phạm Thanh Liêm (Cán bộ hướng dẫn) 
260 |a Cần Thơ 
260 |b Trường Đại học Cần Thơ 
260 |c 2012 
520 |a Nghiên cứu đặc điểm sinh học sinh sản cá rô biển (mùa vụ sinh sản, kích thước cá thành thục, mô họ tuyến sinh dục trong điều kiện tự nhiên, kích thước trứng thành thục. Nuôi vỗ thành thục và thử nghiệm sinh sản nhân tạo cá Rô biển. Thử nghiệm ương giống cá Rô biển đến giai đoạn 30 ngày tuổi. 
650 |a Fish culture,Fishes,Nuôi cá,Con cá 
650 |x Breeding,Giống 
904 |i Năm 
980 |a Trung tâm Học liệu Trường Đại học Cần Thơ